| 000 | 00000nam##2200000za#4500 |
| 001 | 9.699899 |
| 003 | CaOODSP |
| 005 | 20210625000606 |
| 007 | cr ||||||||||| |
| 008 | 150407|1969||||xxc|||||o f|0| 0 eng|d |
| 040 | |aCaOODSP|beng |
| 043 | |an-cn--- |
| 086 | 1 |aZ1-1966-5E-PDF |
| 110 | 1 |aCanada. |bPrivy Council Office. |
| 245 | 10|aReport of the Royal Commission on Security (abridged) / |h[electronic resource]|cMaxwell Weir Mackenzie, chairman. |
| 250 | |aReprinted 1977 |
| 260 | |aOttawa - Ontario : |bPrivy Council Office |cJune 1969, c1977. |
| 300 | |a164p. |
| 500 | |aHistorical publication digitized in 2009 by the Privy Council Office of Canada. |
| 504 | |aBibliography. |
| 546 | |aPart III and IV of "Appendix C" in French. |
| 590 | |a15-04-Supp|b2015-03-19 |
| 690 | 07|aCommissions of inquiry|2gcpds |
| 690 | 07|aNational security|2gcpds |
| 775 | 08|tRapport de la Commission royale d'enquête sur la sécurité (version abrégée) |w(CaOODSP)9.643853 |
| 856 | 40|ahttp://publications.gc.ca|qPDF|s8.79 MB|uhttps://publications.gc.ca/collections/collection_2014/bcp-pco/Z1-1966-5-eng.pdf |